Hacia otra España
Պահպանված է:
| Հիմնական հեղինակ: | |
|---|---|
| Ձևաչափ: | Գիրք |
| Լեզու: | իսպաներեն |
| Հրապարակվել է: |
Madrid
Biblioteca Nueva
1997
|
| Շարք: | Colección Cien Años Después, 5
|
| Խորագրեր: | |
| Ցուցիչներ: |
Ավելացրեք ցուցիչ
Չկան պիտակներ, Եղեք առաջինը, ով նշում է այս գրառումը!
|
MARC
| LEADER | 00000nam a2200000 a 4500 | ||
|---|---|---|---|
| 001 | UCR5462 | ||
| 003 | CL-VaPUC | ||
| 008 | 980327e19970000SP |||||||||||||||||spa|d | ||
| 082 | 0 | 4 | |a 946 |b MAE |2 21 |
| 100 | |a Maeztu, Ramiro de |e autor |9 339605 | ||
| 245 | 1 | 0 | |a Hacia otra España |
| 300 | |a 223 p | ||
| 942 | |c BK | ||
| 945 | |d 19980327 00:00:00 |a rbrito | ||
| 260 | |a Madrid |b Biblioteca Nueva |c 1997 | ||
| 650 | 0 | |a Historia |9 255047 | |
| 650 | 0 | |a Guerra |9 255876 | |
| 650 | 7 | |a GENERACION DEL 98 |2 CL-VaPUC |9 335582 | |
| 650 | 0 | |a Literatura española |9 306261 | |
| 651 | 0 | |a España |9 254926 | |
| 583 | |a last modification |c 19980327 00:00:00 |k Rodrigo Vera | ||
| 490 | 0 | |a Colección Cien Años Después, 5 | |
| 999 | |c 268059 |d 268057 | ||
| 952 | |0 0 |1 0 |4 0 |6 946_000000000000000_MAE_1997 |7 0 |8 A |9 300931 |a FDOPOS |b FDOPOS |d 2019-11-20 |i 341034K |o 946 MAE 1997 |p 341034K |r 2023-08-09 |w 2019-11-20 |y BK |k MLH | ||